| 000 | 00364nam a2200145Ia 4500 | ||
|---|---|---|---|
| 008 | 150201s2005 xx 000 0 und d | ||
| 082 |
_a617.692 _bR2005L |
||
| 100 | _aLOVELY , M. | ||
| 245 | _aREVIEW OF COMPLETE DENTURE | ||
| 250 | _a1ST | ||
| 260 |
_bJAYPEE MEDICAL PUBLISHER _aDELHI _c2005 |
||
| 300 | _a1-285 | ||
| 650 | _aPROSTHODONTICS | ||
| 942 |
_2ddc _cBK _010 |
||
| 999 |
_c3329 _d3329 |
||